000 00254nmm a2200085Ia 4500
008 220120s9999||||xx |||||||||||||||||und||
100 _aDigit
245 0 _aPhotography Software, music, radio, Movie, Fronters in Astr
260 _aCoorg Institute of Technology
999 _c140109
_d140109